Boletín eclesiástico de Guadalajara /
Fundado desde el 11 de enero de 1876 por monseñor Pedro Loza y Pardavé, el Boletín eclesiástico está destinado a los sacerdotes y religiosos, parroquias, vicarías y capellanías, y en él se difunde la voz del Papa y del arzobispo, circulares, decretos, avisos y nombramientos diocesanos.
Gespeichert in:
| Format: | Buch |
|---|---|
| Sprache: | Spanisch |
| Schlagworte: | |
| Tags: |
Keine Tags, Fügen Sie das erste Tag hinzu!
|
MARC
| LEADER | 00000nam^a2200000^a^4500 | ||
|---|---|---|---|
| 001 | 000159510 | ||
| 005 | 20250526000000.0 | ||
| 009 | 20260310100652.158 | ||
| 037 | |a Acervo ITESO - Biblioteca | ||
| 041 | |a ESP | ||
| 082 | |a 282. 05 |b BOL 1914 V. 1-6 | ||
| 240 | 1 | 1 | |a [Boletín eclesiástico] |
| 245 | 0 | 0 | |a Boletín eclesiástico de Guadalajara / |c Dir. de Araiza, José María |
| 264 | |a Guadalajara, México : |b Imprenta y Encuadernación El Regional, |c 1914 | ||
| 300 | |a 192 p. ; |c 21.5 cm. | ||
| 520 | |a Fundado desde el 11 de enero de 1876 por monseñor Pedro Loza y Pardavé, el Boletín eclesiástico está destinado a los sacerdotes y religiosos, parroquias, vicarías y capellanías, y en él se difunde la voz del Papa y del arzobispo, circulares, decretos, avisos y nombramientos diocesanos. | ||
| 649 | |a XX | ||
| 650 | |a Iglesia Católica - |x Publicaciones Periódicas Jaliscienses | ||
| 650 | |a Iglesia Católica - |x Publicaciones Periódicas Mexicanas | ||
| 650 | |a Encíclicas | ||
| 650 | |a Iglesia Católica - |x Historia - |y Papa, 1903-1914 (Pío X) | ||
| 650 | |a Iglesia Católica en Guadalajara, Jalisco - |x Historia | ||
| 650 | |a Iglesia Católica en Jalisco - |x Historia | ||
| 650 | |a Iglesia Católica en México - |x Historia | ||
| 650 | |a Catolicismo | ||
| 650 | |a Cristianismo | ||
| 650 | |a Religión | ||
| 910 | |a Fondo Salvador Reynoso Reynoso | ||
| 920 | |a Impresos - Libros | ||
| 930 | |a Libros Antiguos y Raros | ||
| 905 | |a 108 | ||
| 901 | |a 0500090280 |b IT2 |c LRA |u 20250526 | ||
| 902 | |a https://opac.biblio.iteso.mx/vufind/Record/000159510 | ||